000 00378cam a2200157ua 4500
041 _aeng
_h
082 _a330.122
_bVYG/CA
100 _aVygodsky, S .
245 _aCapitalist economy /
_cS Vygodsky.
_hTextual Documents
250 _a1 /
_b.
260 _aMoscow :
_bProgress Publishers ,
_c1966.
300 _a181 ; .
504 _a
942 _cBK
999 _c11415
_d11415